<?xml version="1.0" encoding="UTF-8"?>
<record
    xmlns:xsi="http://www.w3.org/2001/XMLSchema-instance"
    xsi:schemaLocation="http://www.loc.gov/MARC21/slim http://www.loc.gov/standards/marcxml/schema/MARC21slim.xsd"
    xmlns="http://www.loc.gov/MARC21/slim">

  <leader>00916nam a22001697a 4500</leader>
  <datafield tag="952" ind1=" " ind2=" ">
    <subfield code="0">0</subfield>
    <subfield code="1">0</subfield>
    <subfield code="2">lcc</subfield>
    <subfield code="4">0</subfield>
    <subfield code="7">0</subfield>
    <subfield code="a">22</subfield>
    <subfield code="b">22</subfield>
    <subfield code="d">2012-12-14</subfield>
    <subfield code="l">0</subfield>
    <subfield code="o">TNA LB1043 M37 2012</subfield>
    <subfield code="p">11 009724</subfield>
    <subfield code="r">2012-12-14</subfield>
    <subfield code="t">1</subfield>
    <subfield code="w">2012-12-14</subfield>
    <subfield code="y">LB</subfield>
  </datafield>
  <datafield tag="999" ind1=" " ind2=" ">
    <subfield code="c">88848</subfield>
    <subfield code="d">88848</subfield>
  </datafield>
  <controlfield tag="008">121214t2012    mx a|||| |||| 00| 0 spa d</controlfield>
  <datafield tag="050" ind1=" " ind2=" ">
    <subfield code="a">TNA LB1043 </subfield>
    <subfield code="b">M37 2012</subfield>
  </datafield>
  <datafield tag="100" ind1=" " ind2=" ">
    <subfield code="a">Mart&#xED;nez Madrigal, Mar&#xED;a del Socorro </subfield>
    <subfield code="e">sustentante </subfield>
  </datafield>
  <datafield tag="245" ind1=" " ind2=" ">
    <subfield code="a">An&#xE1;lisis sobre el fundamento te&#xF3;rico de la estructura did&#xE1;ctica del libro de Texto Gratuito vigente, de formaci&#xF3;n C&#xED;vica y &#xC9;tica de 6&#xAA; grado de Educaci&#xF3;n Primaria</subfield>
    <subfield code="c">/ tesina para obtener el t&#xED;tulo de Licenciada en Pedagog&#xED;a, presenta Mar&#xED;a del Socorro Mart&#xED;nez Madrigal; asesor Salvador S&#xE1;nchez Hern&#xE1;ndez </subfield>
  </datafield>
  <datafield tag="260" ind1=" " ind2=" ">
    <subfield code="a">M&#xE9;xico</subfield>
    <subfield code="b">: s/ed.</subfield>
    <subfield code="c">, 2012</subfield>
  </datafield>
  <datafield tag="300" ind1=" " ind2=" ">
    <subfield code="a">122 p&#xE1;ginas </subfield>
    <subfield code="b">: ilustraciones </subfield>
    <subfield code="e">+ CD </subfield>
  </datafield>
  <datafield tag="519" ind1=" " ind2=" ">
    <subfield code="a"> </subfield>
    <subfield code="d"> </subfield>
  </datafield>
  <datafield tag="700" ind1=" " ind2=" ">
    <subfield code="a">S&#xE1;nchez Hern&#xE1;ndez, Salvador</subfield>
    <subfield code="e">asesor</subfield>
  </datafield>
  <datafield tag="710" ind1=" " ind2=" ">
    <subfield code="a">Universidad Nacional Aut&#xF3;noma de M&#xE9;xico </subfield>
    <subfield code="e">instituci&#xF3;n que otorga el t&#xED;tulo </subfield>
  </datafield>
  <datafield tag="710" ind1=" " ind2=" ">
    <subfield code="a">Universidad Insurgentes </subfield>
    <subfield code="d">plantel xola </subfield>
    <subfield code="e">entidad participante </subfield>
  </datafield>
  <datafield tag="942" ind1=" " ind2=" ">
    <subfield code="c">LB</subfield>
  </datafield>
</record>
